| 000 | 00648cam a2200229 a 4500 | ||
|---|---|---|---|
| 001 | 12312 | ||
| 003 | BD-RjUL | ||
| 005 | 20211208235254.0 | ||
| 008 | 140128s1963 nyu 000 0 eng u | ||
| 035 |
_a(OCoLC)ocm00880903 _a(BD-RjUL)12361 |
||
| 040 |
_cWIT _dCHS _dSER _aBD-RjUL _beng |
||
| 041 | _aeng | ||
| 082 | 0 | 0 |
_a598.2 _bWAI 1963 |
| 100 | 1 |
_aWallace, George John, _d1906- _938244 |
|
| 245 | 1 | 3 |
_aAn introduction to ornithology / _cGeorge J. Wallace. |
| 260 |
_aNew York : _bMacmillan, _cc1963. |
||
| 300 |
_axii, 443 p. : _bill. ; _c24 cm. |
||
| 650 | 0 |
_aOrnithology. _938181 |
|
| 942 |
_2ddc _cBK |
||
| 999 |
_c12312 _d12312 |
||